000 00485nam a2200169Ia 4500
005 20250326124146.0
008 250326s9999 xx 000 0 und d
037 _aTextbook
040 _aFMSL
_beng
_cFMSL
041 _aeng
_2eng
084 _aX:51 L3;2
_qFMSL
100 _aSmith C S
_9736884
245 0 _aHow to get big results from a small advertising budget
_cSmith C S
260 _aNY
_bNY, Hawthorn
_c1973
942 _cTB
_hX:51 L3;2
999 _c1272528
_d1272528